000 00644nam a2200241Ia 4500
999 _c61484
_d61484
003 0100
005 20170510144912.0
008 130303s9999 xx 000 0 und d
040 _cARRUPELIB
050 _aDT433.545.K55C131 2006
100 _aCagnolo, C.
_930747
245 4 _aThe Agikuyu
245 _btheir customs, traditions and folklore
250 _arev. ed.
260 _bInstituto Missioni Consolata, Torino
_aItaly
_c2006
300 _a289p.
300 _b 24cm.
650 _bSiksika Indians-Religion and mythology
_930748
650 _aKikuyu (African people)
_913107
700 _aWambugu, Hilary ed.
_930749
942 _2lcc
_cMONOGRAPH